11. Merry Axe-Mas - Ice Nine Kills (Lyrics) - Statistics

General Stats
  • This quiz has been taken 7 times
  • The average score is 154 of 356
Answer Stats
Answer % Correct
the
100%
the
100%
a
80%
At
80%
at
80%
before
80%
better
80%
blistering
80%
boy
80%
butchered
80%
Christmas
80%
Clause
80%
cold
80%
first
80%
five
80%
for
80%
He
80%
He
80%
his
80%
If
80%
In
80%
jolly
80%
just
80%
let
80%
life
80%
meet
80%
My
80%
night
80%
old
80%
parents
80%
red
80%
run
80%
Santa
80%
seemed
80%
stained
80%
suit
80%
tonight,
80%
T'was
80%
were
80%
with
80%
years
80%
you
80%
You
80%
your
80%
a
60%
a
60%
a
60%
(A
60%
a
60%
a
60%
a
60%
(A
60%
a
60%
And
60%
And
60%
and
60%
and
60%
and
60%
And
60%
And
60%
and
60%
And
60%
But
60%
Christmas
60%
Christmas
60%
dead
60%
for
60%
I
60%
In
60%
laugh
60%
left
60%
me
60%
me
60%
me
60%
me
60%
Merry
60%
Merry
60%
out
60%
scene
60%
So
60%
That
60%
the
60%
the
60%
the
60%
The
60%
the
60%
the
60%
the
60%
the
60%
the
60%
the
60%
the
60%
The
60%
the
60%
the
60%
the
60%
the
60%
then
60%
us
60%
vicious
60%
a
40%
a
40%
a
40%
A
40%
abuse
40%
And
40%
and
40%
are
40%
are
40%
ask
40%
ask
40%
back
40%
beatings
40%
believe
40%
believe
40%
bruised
40%
Christmas
40%
Christmas
40%
Christmas
40%
Christmas
40%
claws
40%
claws
40%
day
40%
don't
40%
don't
40%
down
40%
for
40%
for
40%
for
40%
for
40%
for
40%
for
40%
forgiveness
40%
forgiveness
40%
from
40%
give
40%
God
40%
hands
40%
hearse
40%
holy
40%
I
40%
I'm
40%
I'm
40%
in
40%
in
40%
inflicted
40%
is
40%
it's
40%
its
40%
it's
40%
just
40%
lashed
40%
later
40%
leave
40%
leave
40%
list
40%
made
40%
made
40%
making
40%
me
40%
meaning
40%
meaning
40%
Merry
40%
mistletoe
40%
much
40%
much
40%
much
40%
much
40%
my
40%
my
40%
night
40%
night)
40%
night
40%
night)
40%
noose
40%
noose
40%
Now
40%
Now
40%
Now
40%
Now
40%
now
40%
of
40%
of
40%
of
40%
on
40%
orphaned
40%
out
40%
out
40%
out
40%
pack
40%
Punish
40%
Punish
40%
Santa's
40%
Santa's
40%
Santa's
40%
Santa's
40%
scene
40%
scream
40%
scream
40%
season's
40%
shout
40%
shout
40%
silent
40%
silent
40%
silent
40%
silent
40%
Singled
40%
sinners
40%
sinners
40%
slashing
40%
Slaughtered
40%
Slaughtered
40%
slave
40%
snow
40%
So
40%
So
40%
So
40%
So
40%
So
40%
So
40%
sure
40%
sure
40%
tags
40%
Taught
40%
Taught
40%
Thank
40%
That
40%
the
40%
the
40%
the
40%
the
40%
the
40%
The
40%
the
40%
three
40%
through
40%
Tied
40%
tight
40%
tight
40%
time
40%
to
40%
to
40%
Took
40%
tree
40%
tree
40%
T'was
40%
under
40%
under
40%
vice
40%
vicious
40%
was
40%
was
40%
way
40%
When
40%
wicked
40%
wicked
40%
will
40%
will
40%
With
40%
witness
40%
witness
40%
won't
40%
won't
40%
years
40%
You
40%
You
40%
your
40%
You're
40%
yuletide
40%
yuletide
40%
are
20%
believe
20%
claws
20%
DAY!
20%
day
20%
day
20%
dead!
20%
dismay
20%
Fa-
20%
Feliz
20%
find
20%
F***ING
20%
for
20%
for
20%
GARBAGE
20%
Garbage
20%
Garbage
20%
gonna
20%
halls
20%
I
20%
I
20%
I
20%
I
20%
I'm
20%
in
20%
is
20%
is
20%
It's
20%
IT'S
20%
la-
20%
la-
20%
la-
20%
la
20%
leave
20%
Let
20%
made
20%
much
20%
much
20%
naughty
20%
Navi-
20%
nice
20%
night
20%
night
20%
noose
20%
nothing
20%
Now
20%
or
20%
out
20%
out
20%
out
20%
out
20%
out
20%
Santa's
20%
Santa's
20%
scream
20%
shout
20%
silent
20%
silent
20%
sinners
20%
Slaughtered
20%
So
20%
So
20%
So
20%
sure
20%
taking
20%
Taking
20%
Taking
20%
tight
20%
time
20%
to
20%
today
20%
today
20%
trash
20%
trash
20%
trash
20%
tree
20%
under
20%
was
20%
who's
20%
will
20%
witness
20%
won't
20%
wreck
20%
you
20%
You
20%
yuletide
20%
No matching quizzes found
Score Distribution
Percent of People with Each Score
Percentile by Number Answered
Your Score History
You have not taken this quiz